Around the World--Red Hot Chili Peppers (All Lyrics) - Statistics

General Stats
  • This quiz has been taken 124 times
  • The average score is 216 of 310
Answer Stats
Hint Answer % Correct
a
100%
around
98%
the
98%
who
98%
world
98%
I
97%
All
93%
we
93%
and
89%
in
89%
my
89%
O
87%
time
87%
can
85%
make
85%
you
85%
You
85%
be
84%
'cause
84%
do
84%
go
79%
I'm
79%
know
79%
life
79%
beautiful
77%
is
77%
it's
77%
to
77%
for
75%
of
75%
prime
74%
then
74%
hello
72%
me
72%
say
72%
that
72%
I've
70%
sure
70%
California
69%
not
69%
when
69%
ya'
67%
ya
67%
been
66%
from
66%
Mother
66%
Born
64%
girl
64%
North
64%
your
64%
good
62%
but
61%
Come
61%
come
61%
entertain
61%
love
61%
Pennsylvania
61%
back
59%
down
59%
knew
59%
like
59%
try
59%
warn
59%
wish
59%
baby
57%
God
57%
Hallelujah
57%
must
57%
said
57%
state
57%
Alabama
56%
they
56%
as
54%
stomping
54%
'bout
52%
Sicily
52%
want
52%
Bombay
51%
oh
51%
romping
51%
seen
51%
with
51%
ding
49%
dong
49%
just
49%
motherfuckin'
49%
suitcase
49%
Where
49%
big
48%
living
48%
out
48%
enough
46%
kissin'
46%
mountains
46%
Wisconsin
46%
suffer
44%
take
44%
girls
43%
I'd
43%
Swiss
43%
sworn
41%
lake
39%
she's
39%
you're
39%
could
38%
face
38%
Russia
38%
what
38%
whine
38%
woods
38%
Johnson
36%
saw
36%
up
34%
bold
33%
feel
33%
fountains
31%
fox
31%
pie
31%
Ohio
30%
hole
28%
rockin'
28%
sittin'
28%
aside
26%
step
26%
wake
26%
yes
26%
bird
25%
cake
25%
dutiful
25%
ride
25%
we're
25%
than
23%
bonafide
21%
or
21%
freer
18%
bad
15%
Guy
15%
away
8%
No matching quizzes found
Score Distribution
Percent of People with Each Score
Percentile by Number Answered
Your Score History
You have not taken this quiz